Normal view
MARC view
Entry Nombre de reunión
001 - NÚMERO DE CONTROL
- campo de control: 26728
003 - IDENTIFICADOR DEL NÚMERO DE CONTROL
- campo de control: OSt
005 - FECHA Y HORA DE LA ÚLTIMA TRANSACCIÓN
- campo de control: 20200615033044.0
008 - DATOS DE LONGITUD FIJA
- campo de control de longitud fija: 200615|| aca||aabn | a|a d
040 ## - FUENTE DE LA CATALOGACIÓN
- Centro catalogador/agencia de origen: OSt
- Centro/agencia transcriptor: OSt
111 ## - ENCABEZAMIENTO--NOMBRE DE CONGRESO/REUNIÓN
- Nombre de congreso/reunión o jurisdicción como elemento de entrada: Nobel Conference (Karolinska institutet)
- Número del congreso/reunión o número de parte o sección: (7ma. :
- Fecha del congreso/reunión: 1983 :
- Sede del congreso/Lugar de la reunión: Saltsjobaden, Suecia)
670 ## - FUENTE DE DATOS ENCONTRADOS
- Cita de la fuente: Work cat.: (OSt)10909: Nobel Conference (Karolinska institutet) (7ma. : 1983 : Saltsjobaden, Suecia), The metabolism of the human brain studied with positron emission tomography /, c1985.
